000 00853nam a22002777a 4500
001 BR8900595
003 BR-BrBNA
005 20230928093136.0
007 ta
008 230509b bl.||||| |||| 00| 0 por d
040 _aBR-BrBNA
_bpor
_cBiblioteca Nacional de Agricultura
041 _a(Por)
072 _aF01; F30
_b0120
_b/G514
090 _ 0120 BR8900595
110 1 _aInstituto de Pesquisas Agronomicas, Porto Alegre, RS (Brasil)
_96134
111 1 _a31. Reuniao Tecnica Anual do Milho
_cPorto Alegre, RS (Brazil)
_d22-24 Jul 1986
245 1 _a31. Reuniao Tecnica Anual do Milho. Ata
260 3 _aPorto Alegre, RS (Brasil):
_c1986.
300 _a236 p.
650 _aMILHO
650 _aPRATICA CULTURAL
650 _aDEFESA VEGETAL
650 _aMELHORAMENTO GENETICO VEGETAL
909 _a202309
_bLucia
_c55
_dLucia Elande
942 _cBK
999 _c43234
_d43234